| 000 | 00427nam a2200157Ia 4500 | ||
|---|---|---|---|
| 008 | 231217s9999 xx 000 0 und d | ||
| 041 | _aEnglish | ||
| 082 | _a658.4 ASW;1 R | ||
| 100 | _aAswathappa, K. Sudarsana Reddy, G. | ||
| 245 | 0 | _aManagement and organisational behaviour | |
| 250 | _a1st ed. | ||
| 260 |
_c2008 _bHimalaya _aMumbai |
||
| 300 | _a588 | ||
| 650 | _aManagement,organisational,behaviour | ||
| 942 | _cAA | ||
| 999 |
_c181681 _d181681 |
||